NDA/NA Mathematics; (Record no. 199360)

MARC details
000 -LEADER
fixed length control field 00822nam a22002057a 4500
005 - DATE AND TIME OF LATEST TRANSACTION
control field 20240321115617.0
010 ## - LCCN (DPL NO)
LC control number B-755977-986 ENG-139872
020 ## - INTERNATIONAL STANDARD BOOK NUMBER
International Standard Book Number 9789390157198
Terms of availability 995.00
035 ## - SYSTEM CONTROL NUMBER
System control number B-755977-986
035 ## - SYSTEM CONTROL NUMBER
System control number EN-123404
037 ## - SOURCE OF ACQUISITION
Stock number D.P.S. Publishing House
082 ## - DEWEY DECIMAL CLASSIFICATION NUMBER
Classification number 510
100 ## - MAIN ENTRY--PERSONAL NAME
Personal name Garg,Vijay
245 ## - TITLE STATEMENT
Title NDA/NA Mathematics;
Remainder of title Topic-wise Solved Papers /
Statement of responsibility, etc Vijay Garg
260 ## - PUBLICATION, DISTRIBUTION, ETC. (IMPRINT)
Place of publication, distribution, etc New Delhi
Name of publisher, distributor, etc D.P.S. Publishing House
Date of publication, distribution, etc 2023
270 ## - ADDRESS
Address 4598/12B, Gola Cottage, Ansari Road, Darya Ganj
City New Delhi
Postal code 110002
300 ## - PHYSICAL DESCRIPTION
Extent 586p.
Dimensions 24cm(Pbk)
942 ## - ADDED ENTRY ELEMENTS (KOHA)
Source of classification or shelving scheme Dewey Decimal Classification
Item type English Books
Call number suffix GAR
Classification part 510
Holdings
Withdrawn status Lost status Not for loan Collection code Home library Current library Date acquired Source of acquisition Cost, normal purchase price Full call number Barcode Copy number Cost, replacement price Koha item type
      Non-fiction Ashok Vihar Ashok Vihar 15/12/2023 D.P.S. Pub. House/601/24.11.23/31/23.11.23/1.12.23 995.00 GAR 510 B-755980 1 995.00 English Books
      Non-fiction Bawana Bawana 21/03/2024 DBAD/PUB 995.00 GAR 510 EN-123404 1 995.00 English Books
      Non-fiction Central Library Central Library 15/12/2023 D.P.S. Pub. House/601/24.11.23/31/23.11.23/1.12.23 995.00 GAR 510 B-755977 1 995.00 English Books
      Non-fiction Janak Puri Janak Puri 15/12/2023 D.P.S. Pub. House/601/24.11.23/31/23.11.23/1.12.23 995.00 GAR 510 B-755983 1 995.00 English Books
      Non-fiction Kasturba Gandhi Marg Kasturba Gandhi Marg 15/12/2023 D.P.S. Pub. House/601/24.11.23/31/23.11.23/1.12.23 995.00 GAR 510 B-755982 1 995.00 English Books
      Non-fiction Mobile Library Mobile Library 15/12/2023 D.P.S. Pub. House/601/24.11.23/31/23.11.23/1.12.23 995.00 GAR 510 B-755978 2 995.00 English Books
      Non-fiction Mobile Library Mobile Library 15/12/2023 D.P.S. Pub. House/601/24.11.23/31/23.11.23/1.12.23 995.00 GAR 510 B-755979 2 995.00 English Books
      Non-fiction Patel Nagar Patel Nagar 15/12/2023 D.P.S. Pub. House/601/24.11.23/31/23.11.23/1.12.23 995.00 GAR 510 B-755981 1 995.00 English Books
      Non-fiction Sarojini Nagar Sarojini Nagar 15/12/2023 D.P.S. Pub. House/601/24.11.23/31/23.11.23/1.12.23 995.00 GAR 510 B-755984 1 995.00 English Books
      Non-fiction Shahdara Branch Shahdara Branch 15/12/2023 D.P.S. Pub. House/601/24.11.23/31/23.11.23/1.12.23 995.00 GAR 510 B-755985 1 995.00 English Books
      Non-fiction Yojana Vihar Yojana Vihar 15/12/2023 D.P.S. Pub. House/601/24.11.23/31/23.11.23/1.12.23 995.00 GAR 510 B-755986 1 995.00 English Books

© Delhi Public Library
Hit Counter
free hit counter